LEADER 01422nas 2200361 n 450 001 990008999960403321 005 20240229084431.0 011 $a0024-466X 035 $a000899996 035 $aFED01000899996 035 $a(Aleph)000899996FED01 035 $a000899996 091 $2CNR$aP 00055813 100 $a20161109a19669999km-y0itaa50------ba 101 0 $ager 110 $aauu-------- 200 1 $aLiteratur und Kritik 207 1$a1966- 210 $aSalzburg$cOtto Muller Verlag 530 0 $aLiteratur und Kritik 675 $a8 675 $a83 676 $a809 801 0$aIT$bACNP$c20090723 859 4 $uhttp://acnp.cib.unibo.it/cgi-ser/start/it/cnr/dc-p1.tcl?catno=38029&person=false&language=ITALIANO&libr=&libr_th=unina1$zBiblioteche che possiedono il periodico 901 $aSE 912 $a990008999960403321 958 $aBRAU. Biblioteca di Ricerca di Area Umanistica$b1966-1967;1970-$c1966-1967;1970-1971;1973;1975-1978;1985;1996;1998;$eAUSTRIA 1$fFLFBC 959 $aFLFBC 996 $aLiteratur und Kritik$9791096 997 $aUNINA AP1 8 $6866-01$aNA072 BRAU. Biblioteca di Ricerca di Area Umanistica$bAUSTRIA 1$ePiazza Bellini 56/60, 80133 Napoli (NA)$m(081) 2533948$nit AP2 40$aacnp.cib.unibo.it$nACNP Italian Union Catalogue of Serials$uhttp://acnp.cib.unibo.it/cgi-ser/start/it/cnr/df-p.tcl?catno=38029&language=ITALIANO&libr=&person=&B=1&libr_th=unina&proposto=NO LEADER 00852nam a2200193 i 4500 001 991004312930907536 005 20240325150752.0 008 240325s1890 it r 001 0 ita d 040 $aBibl. Interfacoltà T. Pellegrino$bita$cSocioculturale Scs 041 0 $aita 082 04$a945.7310743$223 100 1 $aRossi, Michele, $01732705 245 10$aNuova luce risultante dai veri fatti avvenuti in Napoli pochi anni prima del 1799 :$bmonografia ricavata da documenti finora sconosciuti relativi alla gran causa dei rei di stato del 1794 /$cMichele Rossi 260 $aFirenze :$bTipografia di G. Barbera,$c1890 300 $a398 p. ;$c23 cm 650 4$aRepubblica partenopea <1799>$xStoria 912 $a991004312930907536 996 $aNuova luce risultante dai veri fatti avvenuti in Napoli pochi anni prima del 1799$94147053 997 $aUNISALENTO